| 000 | 00954cam1a220030100 4500 | ||
|---|---|---|---|
| 001 | qce01695804 | ||
| 005 | 20190813182425.0 | ||
| 008 | 740227s1973 ja 001 0 eng | ||
| 010 | _a 74155210 | ||
| 035 | _a(Sirsi) r70718 | ||
| 035 | _a(QCAT)lss00547576 | ||
| 035 | _a(UPRA)qce01695804 | ||
| 040 | _dUPRA | ||
| 043 | _aa-ja--- | ||
| 050 | 0 |
_aRS141.7 _b.N5513 1971 |
|
| 082 | _a615/.11/52 | ||
| 130 | 0 | _aNihon yakkyokuho. English. | |
| 245 | 1 | 4 | _aThe Pharmacopoeia of Japan. |
| 250 | _a8th ed. | ||
| 260 |
_a[Tokyo] : _bSociety of Japanese Pharmacopoeia, _c[1973] |
||
| 500 | _aTranslation of Nihon yakkyokuho. | ||
| 650 | 0 |
_aPharmacopoeias -- Japan. _zPharmacopoeias -- Japan. _6S23716.1 |
|
| 710 | 1 |
_aJapan. Koseisho. _bJapan. Koseisho. _6A31796.1 |
|
| 710 | 2 |
_aNihon Koteisho Kyokai. _6A31797.1 |
|
| 949 |
_aRS141.7 _wLC _i-95698 _mMEDICAL _tBOOK _lON-SHELF |
||
| 949 |
_aRS141.7 _wLC _i-95699 _mMEDICAL _tBOOK _lON-SHELF |
||
| 004 | 70718 | ||
| 999 |
_c45870 _d45870 |
||